Desarrollo de un sistema de distribución de productos de la empresa Colgate-Palmolive, a nivel nacional, para optimizar los costos generados por la distribución
Enregistré dans:
| Auteur principal: | |
|---|---|
| Autres auteurs: | |
| Format: | Livre |
| Langue: | Undetermined |
| Publié: |
San José, C.R.
2001
|
| Sujets: | |
| Tags: |
Ajouter un tag
Pas de tags, Soyez le premier à ajouter un tag!
|
MARC
| LEADER | 00000nam a2200000Ia 4500 | ||
|---|---|---|---|
| 003 | 008691 | ||
| 005 | 20221231144203.0 | ||
| 008 | 140114s9999 xx 000 0 und d | ||
| 040 | |c cru CEDI | ||
| 090 | |a TFG 4282 | ||
| 100 | |a Hernández Campos, Francisco Javier |9 7875 | ||
| 245 | |a Desarrollo de un sistema de distribución de productos de la empresa Colgate-Palmolive, a nivel nacional, para optimizar los costos generados por la distribución | ||
| 260 | |c 2001 |a San José, C.R. | ||
| 300 | |a xviii, 164, [95] hojas : ilustraciones, 2 mapas | ||
| 500 | |a Proyecto de graduación (licenciatura en ingeniería industrial)--Universidad de Costa Rica. Facultad de Ingeniería. Escuela de Ingeniería Industrial | ||
| 650 | |x TRANSPORTE MOTORIZADO |x COSTOS DE OPERACION |x DISTRIBUCION FISICA DE MERCANCIAS |x CONTROL DE PROCESOS |9 7877 | ||
| 700 | |9 7876 |a Vargas Badilla, Laura María | ||
| 942 | |c TFG | ||
| 999 | |c 18155 |d 18155 | ||
